Statistics for Every Genesis song that hit the Billboard hot 100

Click here to take the quiz!

General Stats

  • This quiz has been taken 97 times
  • The average score is 11 of 22

Answer Stats

Peak Chart PositionYearSong% Correct
71992I Can't Dance
86%
11986Invisible Touch
82%
41987Land Of Confusion
74%
731983Mama
73%
231978Follow You Follow Me
68%
261982Abacab
64%
61984That's All
64%
231992Jesus He Knows Me
62%
141980Misunderstanding
60%
121992No Son Of Mine
56%
31987Tonight, Tonight, Tonight
55%
581980Turn It On Again
55%
441984Illegal Alien
47%
41986Throwing It All Away
47%
31987In Too Deep
42%
321982Paperlate
36%
121992Hold On My Heart
34%
291981No Reply At All
32%
401982Man On The Corner
26%
501984Taking It All Too Hard
19%
621977Your Own Special Way
18%
211993Never A Time
10%

Score Distribution

Percentile by Number Answered

Percent of People with Each Score

Your Score History

You have not taken this quiz